| 000 | 00962nam a2200241 a 4500 | ||
|---|---|---|---|
| 001 | 40510 | ||
| 003 | BD-RjUL | ||
| 005 | 20211209053230.0 | ||
| 008 | 160503s2004 bg ||||| b||| 001 0 ben d | ||
| 020 |
_a9840744399 _c: Tk. 100.00 |
||
| 035 | _a(BD-RjUL) 40625 | ||
| 040 |
_aBD-RjUL _bben _cBD-RjUL |
||
| 041 | _aben | ||
| 082 |
_223 _a181.4 _bSAB 2004 |
||
| 100 |
_aসরকার, সোলায়মান আলী _9124763 |
||
| 245 | 1 | 0 |
_aভারতীয় দর্শন পরিচিতি / _cসোলায়মান আলী সরকার |
| 260 |
_aঢাকা : _bবাংলা একাডেমী, _c২০০৪ |
||
| 300 |
_a[১৬], ২৪৪ পৃ. ; _c২১ সেমি. |
||
| 504 | _aনির্ঘণ্ট ও গ্রন্থপঞ্জি সংযুক্ত | ||
| 650 |
_aদর্শনশাস্ত্র, ইন্ডিক _9124752 |
||
| 650 |
_aPhilosophy, Indic _9124685 |
||
| 942 |
_2ddc _cBK _01 |
||
| 999 |
_c40510 _d40510 |
||